Загрузка...
Read latest essays
| Главный автор: | |
|---|---|
| Формат: | Printed Book |
| Опубликовано: |
Delhi
Rohan Book Company
2004
|
| Предметы: |
| LEADER | 00462nam a22001457a 4500 | ||
|---|---|---|---|
| 020 | |a 9788178265483 | ||
| 082 | |a 613 |b JAM/R | ||
| 100 | |a James, Doma | ||
| 245 | |a Read latest essays | ||
| 260 | |a Delhi |b Rohan Book Company |c 2004 | ||
| 300 | |a 160p. | ||
| 650 | |a Medicine and health- Essays | ||
| 942 | |c BK | ||
| 999 | |c 42118 |d 42118 | ||
| 952 | |0 0 |1 0 |4 0 |6 613_000000000000000_JAMR |7 0 |8 Stack |9 45750 |a KUCL |b KUCL |c Stack |d 2016-10-06 |g 40.00 |l 0 |o 613 JAM/R |p 43472 |r 2016-10-06 |w 2016-10-06 |y BK | ||